La obra de arte en la época de su reproductibilidad técnica.

Zapisane w:
Opis bibliograficzny
1. autor: Benjamin, Walter 1892-1940 (autor)
Kolejni autorzy: Weikert, Andrés E. (traductor), Echeverría, Bolívar (introducción)
Format: Książka
Wydane: Ciudad de México, México: Itaca, 2003.
Wydanie:Primera edición.
Hasła przedmiotowe:
Etykiety: Dodaj etykietę
Nie ma etykietki, Dołącz pierwszą etykiete!

MARC

LEADER 00000nam a22000007a 4500
003 CL-VaPUC
005 20250321101934.0
008 220802t2003 ||||| |||| 00| 0 eng d
999 |c 446820  |d 446818 
020 |a 968-7943-48-3 
040 |c Pontificia Universidad Católica de Valparaíso 
082 7 |a 701.17 BEN 2003 
100 |a Benjamin, Walter  |9 269121  |d 1892-1940  |e autor 
245 |a La obra de arte en la época de su reproductibilidad técnica. 
250 |a Primera edición. 
260 |a Ciudad de México, México:  |b Itaca,  |c 2003. 
300 |a 127 páginas. 
500 |a c.1-c.2. Instituto Arcos.08-01-2025. 
583 |c 20220802  |k Gabriela Rodríguez Cuevas 
650 |a Arte y sociedad   |9 306277 
650 0 |a Arte moderno  |9 265333  |x Teoría  |y Siglo 20 
650 |a Filosofía del arte   |9 264951  |x Estética  
700 |a Weikert, Andrés E.  |e traductor  |9 895869 
700 |a Echeverría, Bolívar  |e introducción  |9 547116 
942 |2 ddc  |c BK  |n 0 
952 |0 0  |1 0  |2 ddc  |4 0  |6 701_170000000000000_BEN_2003  |7 0  |9 599938  |a BIBINC  |b BIBINC  |c GEN  |d 2025-01-27  |e Instituto Arcos  |i 5664810  |o 701.17 BEN 2003  |p 5664810  |r 2025-01-27  |t 1  |w 2025-01-27  |y BK  |k IFP 
952 |0 0  |1 0  |2 ddc  |4 0  |6 701_170000000000000_BEN_2003  |7 0  |9 599939  |a BIBINC  |b BIBINC  |c GEN  |d 2025-01-27  |e Instituto Arcos  |i 5664811  |l 1  |o 701.17 BEN 2003  |p 5664811  |r 2025-04-21  |s 2025-04-11  |t 2  |w 2025-01-27  |y BK  |k IFP